[Event "78th Armenian Chess Ch"]
[Site "Yerevan"]
[Date "2017.08.15"]
[Round "7"]
[White "Shahinyan, David"]
[Black "Petrosyan, Manuel"]
[Result "1-0"]
[WhiteElo "2428"]
[BlackElo "2565"]
[Annotator "TA"]
[PlyCount "81"]
[EventDate "2017.??.??"]
[EventCountry "ARM"]
[SourceTitle "playchess.com"]
[Source "ChessBase"]
[SourceQuality "1"]

{[%evp 19,81,26,32,27,51,50,42,50,50,40,81,81,71,75,98,101,102,86,82,83,363,361,381,380,384,378,368,364,373,394,416,347,505,501,490,410,468,437,423,458,477,473,516,468,473,441,472,465,459,432,459,381,510,502,5410,5439,12828,2167,5275,5275,5146,5050,1390,1343]} 1. e4 e5 2. Nf3 Nc6 3. d4 exd4 4. Nxd4 Bc5 5. Be3 Qf6 6. c3 Nge7 7. Bc4 b6 8. O-O Bb7 9. Nb3 Ne5 {[%cal Bc6e5,Be5g6,Bg6f4][%mdl 32] C45: Scotch Game} (9... Bxe3 10. fxe3 Qg5 11. Bxf7+ Kd8 12. Qe2 Ne5 13. N1d2 c5 14. c4 Kc7 15. Bd5 Raf8 16. Rxf8 Rxf8 17. Rf1 Rxf1+ 18. Nxf1 {1-0 (37) Shahinyan,D (2431)-Torosyan,N (2386) Yerevan 2016}) 10. Nxc5 bxc5 {LiveBook: 11 Games} 11. Bb3 Bxe4 {White has an edge.} 12. Nd2 Bb7 13. f4 $1 {[%cal Rf4e5]} N5g6 14. Qh5 $146 ({Predecessor:} 14. Rf2 d6 15. Ba4+ Kf8 16. Qb3 Rb8 17. Re1 {½-½ (51) Sartori,D (1919)-Paesschesoone,S (1824) ICCF email 2012}) 14... h6 15. Bxc5 {Hoping for Rae1.} O-O 16. Rae1 {Black must now prevent f5.} Nxf4 17. Qg4 (17. Bxe7 Nxh5 18. Bxf6 Nxf6 $15) 17... Neg6 18. Ne4 $36 {[%mdl 2048] Keeping Black busy.} ({Don't go for} 18. Qxd7 $2 Qg5 $1 $19 {[%mdl 512]}) 18... Bxe4 19. Rxe4 h5 $2 {[%mdl 8192] [#]} (19... Qc6 $16 20. Qf5 Nh4) 20. Qf3 $1 $18 ({Weaker is} 20. Rfxf4 hxg4 21. Rxf6 gxf6 $16) 20... d6 21. Be3 d5 22. Rxf4 Nxf4 23. Bxf4 c6 24. Qxh5 Rae8 25. Be3 Qd6 (25... Qe5 $142 26. Qxe5 Rxe5) 26. Bc2 {[%csl Gc2][%cal Rh5h7]} g6 27. Qh3 Re5 28. Bd1 Qe6 {Threatens to win with ...Qxh3.} 29. Bg4 f5 30. Bd4 Re1 {( -> ...Rxf1+)} 31. Qh8+ Kf7 32. Qg7+ Ke8 33. Bf3 Rf7 34. Qg8+ Kd7 35. Bc5 a5 36. Qb8 {White is clearly winning.} f4 (36... Re7 $142 37. Qa7+ Kc8 38. Qa8+ Kd7 39. Qa7+ Kc8 40. Qa8+ Kd7 41. Qa7+) 37. Bb6 {[%csl Gb6][%cal Rb8d8]} Rxf1+ 38. Kxf1 {[%csl Gb6][%cal Rb8d8]} Qf5 39. Qc7+ Ke6 40. Qxc6+ Ke7 41. Bc5+ {Precision: White = 86%, Black = 42%.} 1-0

[Event "78th Armenian Chess Ch"]
[Site "Yerevan"]
[Date "2017.08.15"]
[Round "7"]
[White "Torosyan, Norayr"]
[Black "Sargsyan, Shant"]
[Result "1/2-1/2"]
[WhiteElo "2350"]
[BlackElo "2416"]
[Annotator "TA"]
[PlyCount "101"]
[EventDate "2017.??.??"]
[EventCountry "ARM"]
[SourceTitle "playchess.com"]
[Source "ChessBase"]
[SourceQuality "1"]

{[%evp 25,101,29,22,7,22,-1,9,0,0,0,0,0,0,0,4,-10,-7,-3,10,0,0,0,0,0,0,0,-4,-53,-50,-23,-10,-7,-4,0,0,0,0,0,39,34,25,30,22,-34,-23,-43,-16,-13,-7,-18,0,0,0,0,0,0,14,10,18,14,13,11,14,21,55,12,12,18,10,17,14,0,3,0,8,0,0,0]} 1. e4 e5 2. Nf3 Nc6 3. Bb5 {[%cal Bf1b5,Bb5a4,Ba4b3][%mdl 32]} a6 4. Ba4 Nf6 5. O-O Be7 6. d3 {[%cal Bd2d3,Bd3d4,Bd4d5][%mdl 32]} b5 7. Bb3 d6 8. a3 O-O 9. Nc3 Na5 {C77: Ruy Lopez: 3...a6 4 Ba4 Nf6, unusual lines} 10. Ba2 Be6 11. d4 Bxa2 12. Rxa2 Nc6 {[%cal Ba5c6,Bc6b8,Bb8d7,Bd7b6][%mdl 32]} 13. d5 Nb8 {LiveBook: 4 Games} 14. Qd3 Nbd7 {[#]} 15. Be3 $146 ({Find the theoretical novelty and annotate with similar games:} 15. b4 Qc8 16. Bg5 c6 17. dxc6 Qxc6 {0-1 (41) Swiercz,D (2655)-Leko,P (2705) Civitanova Marche 2016}) 15... Qc8 16. Raa1 Ng4 17. Rad1 Nxe3 18. Qxe3 Nb6 19. b3 Qg4 20. Ne2 f5 21. exf5 Rxf5 22. Qc3 Rc8 23. h3 Qg6 24. Ng3 Rf4 25. Qc6 Qe8 26. Rfe1 (26. Qb7 {seems wilder.} Qd7 27. Rfe1 Rff8 28. Ne4 a5 29. c4) 26... Qxc6 27. dxc6 Rcf8 28. Ne2 R4f5 29. Nc3 h5 30. Re4 Rf4 31. Re2 g5 32. Ne1 Kf7 33. Nd3 Rd4 34. Nb4 ({Better is} 34. Ree1 $11) 34... Rxd1+ $15 35. Nxd1 Ra8 36. Nc3 Ke6 37. Rd2 g4 38. hxg4 hxg4 39. Rd1 a5 40. Nxb5 Bd8 $1 41. Na2 a4 42. Nac3 d5 {[%cal Bd6d5,Bd5d4][%mdl 32]} 43. Re1 axb3 44. cxb3 Kf5 45. a4 d4 $1 {[%cal Rd4c3] The position is equal.} 46. Ne4 Nd5 47. Ng3+ Kf6 48. Nh5+ Kf5 49. Ng3+ Kf6 50. Nh5+ Kf5 51. Ng3+ {Precision: White = 44%, Black = 74%.} 1/2-1/2

[Event "78th Armenian Chess Ch"]
[Site "Yerevan"]
[Date "2017.08.15"]
[Round "7"]
[White "Danielyan, Vahe"]
[Black "Harutjunyan, Gevorg"]
[Result "0-1"]
[WhiteElo "2344"]
[BlackElo "2454"]
[Annotator "TA"]
[PlyCount "38"]
[EventDate "2017.??.??"]
[EventCountry "ARM"]
[SourceTitle "playchess.com"]
[Source "ChessBase"]
[SourceQuality "1"]

{[%evp 10,38,14,14,12,12,31,31,43,-66,31,32,45,-29,-21,-24,19,14,14,-216,-196,-512,-512,-533,-512,-514,-535,-523,-492,-962,-960]} 1. d4 Nf6 2. c4 e6 3. Nf3 Bb4+ 4. Bd2 a5 5. e3 b6 6. a3 {LiveBook: 3 Games. E11: Bogo-Indian} (6. Bd3 Bb7 7. O-O Qe7 8. Bc1 d5 9. a3 Bd6 10. Nc3 O-O 11. Nb5 Nbd7 12. Nxd6 cxd6 13. cxd5 Bxd5 {½-½ (30) Tregubov,P (2608)-Dgebuadze,A (2529) Le Port Marly 2013}) 6... Be7 7. Nc3 Bb7 8. Bd3 {White is slightly better.} O-O 9. g4 $146 (9. e4 $14) ({Predecessor:} 9. e4 d6 10. O-O Nbd7 11. Qe2 e5 12. Rad1 Ne8 13. Bb1 Bf6 14. Be3 c5 15. dxe5 Bxe5 16. Nxe5 dxe5 {1-0 (37) Schmidt,G (2016)-Hollenstein,W (1944) Eger 2005}) 9... d6 (9... Nxg4 $15 10. h3 Nf6) 10. Rg1 $14 Nbd7 11. Rg3 ({White should play} 11. e4 $14) 11... g6 $11 12. h4 c5 13. h5 cxd4 14. hxg6 $2 {[#]} (14. exd4 $11 {and White has nothing to worry.} d5 15. cxd5 Nxd5 16. Nxd5 Bxd5 17. Bh6) 14... dxc3 $19 15. gxf7+ $2 (15. gxh7+ {was the crucial defense.} Nxh7 16. Bxc3) 15... Rxf7 {Black is clearly winning.} 16. Bxc3 Nc5 ({Less strong is} 16... Ne4 17. Bxe4 Bxe4 18. Qd4 $15) 17. g5 Nfe4 18. Bxe4 Bxe4 19. g6 (19. Kf1 $142 e5 20. Nd2) 19... hxg6 {Precision: White = 29%, Black = 51%.} 0-1

[Event "78th Armenian Chess Ch"]
[Site "Yerevan"]
[Date "2017.08.15"]
[Round "7"]
[White "Manukyan, Sargis A"]
[Black "Hakobyan, Aram"]
[Result "1-0"]
[WhiteElo "2233"]
[BlackElo "2466"]
[Annotator "TA"]
[PlyCount "121"]
[EventDate "2017.??.??"]
[EventCountry "ARM"]
[SourceTitle "playchess.com"]
[Source "ChessBase"]
[SourceQuality "1"]

{[%evp 9,121,-12,-12,-14,-11,-44,-16,-23,-19,-28,-1,-6,0,-54,-34,-27,-27,-29,-19,-13,-27,-33,-17,-47,-35,-53,-45,-43,-43,-40,-52,-46,-12,-25,-7,-25,-20,-26,-31,-27,0,0,0,0,0,0,0,0,0,0,0,0,22,0,0,0,0,0,0,0,21,0,0,0,0,0,0,0,35,33,39,33,50,40,72,18,10,14,107,125,218,206,196,195,288,268,282,320,310,262,449,406,441,444,441,425,445,466,470,470,465,460,447,446,525,557,496,472,5493,2880,12831,8113,29989,29990]} 1. d4 e6 2. c4 b6 3. Nc3 Bb7 4. e3 Bb4 5. a3 (5. Nge2 Nf6 6. a3 Bxc3+ 7. Nxc3 d5 8. cxd5 exd5 9. b4 O-O 10. Bd3 c5 11. bxc5 bxc5 12. Rb1 cxd4 13. exd4 Re8+ 14. Be3 Ba6 15. O-O Bxd3 16. Qxd3 Nbd7 17. Bg5 h6 18. Bxf6 Nxf6 19. Rb5 Rc8 20. h3 Qd6 21. Ra1 Rc6 {½-½ (21) Stocek,J (2556)-Rozentalis,E (2567) Germany 2017}) 5... Bxc3+ $1 6. bxc3 {A40: Unusual replies to 1 d4} f5 7. f3 Nf6 8. Bd3 {The position is equal.} O-O 9. Ne2 d6 10. O-O Qe8 11. d5 $146 (11. Rb1 $11) ({Predecessor:} 11. Qc2 Nbd7 {1-0 (40) Gandolfi,F-Ruiz,R (2165) Toronto 1998}) 11... exd5 12. cxd5 Bxd5 13. Bxf5 Bc4 14. Bd3 Qf7 15. Nd4 Nbd7 16. Bxc4 Qxc4 17. Qb3 Qxb3 18. Nxb3 d5 19. a4 Ne5 20. Nd2 Nd3 21. c4 Rfe8 22. Ra3 Nb4 {And now ...Nc2 would win.} 23. Rb3 Nc2 24. Nb1 c5 25. cxd5 Nxd5 {[%cal Rc2e3]} 26. e4 Ndb4 27. Na3 Nd4 28. Rb2 Rad8 29. Bg5 Rd7 30. Rd2 Nbc6 (30... h6 $5 {[%cal Rh6g5]} 31. Be3 Nbc6 $11) 31. Rfd1 Ne5 32. Kh1 h6 33. Bf4 Nec6 34. Be3 Red8 35. h3 Kf7 36. Kg1 Ne2+ 37. Kf2 Rxd2 38. Rxd2 Ned4 39. Nc4 Ke7 40. f4 {[%cal Bf3f4,Bf4f5][%mdl 32]} Re8 41. g4 Kd7 42. e5 (42. Bxd4 $1 $16 Nxd4 43. Ke3) 42... Ke6 $11 43. Bxd4 Nxd4 {[%mdl 4096] Endgame KRN-KRN} (43... cxd4 $11 44. Nb2 h5 $1 {[%mdl 512]}) 44. Ke3 $16 g5 (44... Kd5 $16 {was necessary.} 45. Kd3 Re7) 45. f5+ $18 Kd5 46. Kd3 a6 (46... Re7 {keeps fighting.} 47. e6 Re8) 47. Nxb6+ Kxe5 {[#]} 48. Nd7+ $1 Kd6 49. Kc4 Kc6 $2 (49... Kxd7 50. Kxc5 Kc7 51. Kxd4 (51. Rxd4 Re3 $18) 51... Rd8+ 52. Kc3 Rc8) 50. Nxc5 Nf3 51. Rf2 Ne5+ 52. Kd4 Nf7 {White should prevent ...Rd8+.} 53. Rc2 Rd8+ 54. Ke4 Rd1 55. Nb3+ Kb7 56. Nd4 Rh1 57. Kd5 Rxh3 58. Ke6 Nd8+ (58... Nh8 $142 59. Rb2+ Kc7) 59. Ke7 Rd3 60. Rc4 h5 61. Kxd8 {Precision: White = 75%, Black = 44%.} 1-0

[Event "78th Armenian Chess Ch"]
[Site "Yerevan"]
[Date "2017.08.15"]
[Round "7"]
[White "Mkrtchyan, Eduard"]
[Black "Hayrapetyan, Hovik"]
[Result "0-1"]
[WhiteElo "2203"]
[BlackElo "2502"]
[Annotator "TA"]
[PlyCount "142"]
[EventDate "2017.??.??"]
[EventCountry "ARM"]
[SourceTitle "playchess.com"]
[Source "ChessBase"]
[SourceQuality "1"]

{[%evp 23,142,30,57,12,52,36,33,27,32,-22,-25,-29,-25,-67,-40,-37,-30,-32,-40,-103,-100,-96,-42,-37,-39,-30,-46,-108,-107,-107,-108,-107,10,10,11,0,0,0,0,-36,-37,-31,-22,-94,-82,-380,-387,-533,-315,-368,-274,-275,-275,-266,-263,-340,-342,-351,-347,-310,-304,-358,-326,-312,-316,-350,-339,-381,-381,-466,-446,-433,-380,-453,-393,-402,-318,-307,-264,-281,-279,-274,-264,-305,-306,-348,-340,-425,-426,-448,-252,-236,-249,-466,-452,-551,-516,-1105,-1025,-1220,-1172,-5002,-4761,-9185,-7216,-6319,-5723,-29971,-12094,-29978,-29979,-29981,-29982,-29982,-29983,-29983,-29984,-29984,-29984,-29985,-29985]} 1. d4 Nf6 2. c4 g6 3. Nc3 c5 4. d5 Bg7 5. Nf3 O-O 6. e4 e6 7. Be2 exd5 8. cxd5 Re8 9. Nd2 a6 10. a4 d6 11. O-O Nbd7 12. Qc2 Qe7 {LiveBook: 7 Games. A77: Modern Benoni: Classical: 9...Re8 10 Nd2: 10...a6 and 10...Nbd7} 13. Ra3 (13. Kh1 Ne5 14. a5 g5 15. Ra3 Ng6 16. Nc4 Nd7 17. Ne3 Nde5 18. Na4 Nf4 19. Nb6 Rb8 20. Nxc8 Rbxc8 {0-1 (47) Ponomariov,R (2739)-Polgar,J (2680) Moscow 2009}) 13... Rb8 14. a5 Ne5 {White is slightly better.} 15. Na4 Bd7 16. Nb6 $146 (16. f4 $14 Neg4 17. h3) ({Find the theoretical novelty and annotate with similar games:} 16. f4 Bxa4 17. Qxa4 Ned7 18. Bf3 c4 19. Qc2 Rbc8 20. Ra4 c3 21. bxc3 {½-½ (56) Bukic,E (2480)-Velimirovic,D (2480) Borovo 1981}) 16... Bb5 $11 17. Re1 Nfd7 18. f4 Nxb6 19. fxe5 Nd7 20. exd6 $1 Qxd6 21. Nf3 {[#]} (21. Nc4 $15 Qe7 22. Bf3) 21... c4 $1 $17 {[%mdl 512]} 22. Bd2 {[#]} (22. Bxc4 Qc5+) 22... Qc5+ (22... Ne5 $1 $17 23. Nd4 Qc5) 23. Kh1 $1 $15 Nf6 24. b4 Qf8 25. Bxc4 (25. Bf1 $1 $15) 25... Rbc8 $17 26. Rc3 {[#] Black must now prevent Bxb5.} Nxe4 $1 27. Bxb5 Nf2+ (27... Bxc3 $17 28. Bxe8 Nxd2) 28. Kg1 $11 Rxe1+ $1 29. Bxe1 (29. Kxf2 $5 {[%cal Rc3c8]} Bxc3 30. Bxc3 $11) 29... Bxc3 30. Bd7 $1 {[%cal Rd7c8] [#]} ({Much weaker is} 30. Bxc3 axb5 31. Kxf2 Qg7 $19) 30... Nh3+ $1 {[%mdl 512]} 31. Kf1 ({But not} 31. Bxh3 Bd4+ 32. Nxd4 Rxc2 $17) 31... Rc7 $1 {Hoping for ...Nf4.} 32. Bxh3 Qxb4 $1 33. d6 (33. Bg3 $11 Qb5+ 34. Qe2) 33... Qxd6 $17 34. Bf2 $2 {[%mdl 8192]} (34. Bxc3 $17 Qc5 35. Bf5) 34... Bxa5 $19 35. Qb1 Qc6 {Threatens to win with ...Qc4+.} 36. Be3 Qc2 37. Qxc2 Rxc2 38. Nd4 Rb2 39. Bf4 Bb6 40. Nf3 a5 41. Be5 Rc2 42. Ke1 Bc7 {Strongly threatening ...Bxe5.} 43. Kd1 Rc6 44. Bb2 b5 {[%cal Bb7b5,Bb5b4][%mdl 32]} 45. Nd4 Rc5 46. Ke2 Bxh2 47. Kd3 Bc7 48. Bd7 b4 49. Ba4 h5 50. Nf3 Bd8 51. Bb3 Rc7 52. Be5 Rd7+ 53. Ke4 Kh7 54. Bd4 f6 55. Ba4 Rd6 56. Bc5 Ra6 (56... f5+ $142 57. Ke5 Rd3) 57. Kd5 f5 58. Nd4 $2 (58. Bd4) 58... Bb6 59. Bb5 {[#]} Bxc5 $1 {[%mdl 512]} 60. Bxa6 (60. Kxc5 $142 Ra8 61. Bc6) 60... Bxd4 $1 61. Kxd4 {[%mdl 4096] Endgame KB-KP} Kh6 62. Kc4 Kg5 63. Bb7 Kf4 64. Bd5 g5 {[%cal Bg6g5,Bg5g4,Bg4g3][%mdl 32]} 65. Kb5 Kg3 66. Kxa5 {[#]} b3 $1 {[%mdl 512] Black mates.} 67. Bxb3 Kxg2 68. Kb4 f4 69. Kc3 g4 70. Kd2 Kf2 71. Be6 g3 {Precision: White = 25%, Black = 77%.} 0-1

[Event "78th Armenian Chess Ch"]
[Site "Yerevan"]
[Date "2017.08.17"]
[Round "8"]
[White "Petrosyan, Manuel"]
[Black "Mkrtchyan, Eduard"]
[Result "1-0"]
[WhiteElo "2565"]
[BlackElo "2203"]
[Annotator "TA"]
[PlyCount "63"]
[EventDate "2017.??.??"]
[EventCountry "ARM"]
[SourceTitle "playchess.com"]
[Source "ChessBase"]
[SourceQuality "1"]

{[%evp 21,63,16,26,20,20,20,35,36,29,32,53,57,73,87,128,129,186,164,179,175,277,177,372,216,232,221,233,209,308,307,464,470,557,551,541,534,752,634,1365,1350,1224,1224,5614,5614]} 1. d4 d5 2. Nf3 Nf6 3. c4 e6 4. g3 Be7 5. Bg2 O-O 6. O-O b6 7. cxd5 exd5 8. Nc3 Bb7 9. Bg5 Ne4 10. Bxe7 Qxe7 11. Rc1 {E18: Queen's Indian: Old Main Line (4 g3 Bb7 5 Bg2 Be7 6 0-0 0-0 7 Nc3)} (11. Qb3 Rd8 12. Rfd1 Na6 13. Rac1 c5 14. Qa3 Nb4 15. dxc5 Nxc3 16. bxc3 Na6 17. Nd4 Nxc5 18. e3 Qf6 {1-0 (41) Hansen,T (2492)-Ynojosa Aponte,F (2405) Sitges 2013}) 11... Nd7 {LiveBook: 3 Games} 12. e3 Ndf6 13. Qc2 $146 {The position is equal.} ({Predecessor:} 13. Nd2 Nxc3 14. Rxc3 c5 15. dxc5 bxc5 16. Qa4 Rfd8 17. Qb5 Rac8 18. Rfc1 a6 {0-1 (60) Born,M (1957)-Mueller,R (2208) Emmendingen 2012}) 13... Rfd8 14. Nxe4 dxe4 15. Nd2 c5 16. dxc5 Rac8 {[%cal Rc8c5]} 17. b4 {[%cal Bb2b4,Bb4b5][%mdl 32]} a5 18. Nc4 bxc5 (18... axb4 $16 19. Nxb6 Rc7) 19. b5 $18 ({Resist} 19. bxa5 Ba6 $16) 19... Qc7 20. Rfd1 Rd3 (20... Rxd1+ $142 21. Rxd1 Bd5) 21. Bf1 ({Less strong is} 21. Rxd3 exd3 22. Qxd3 Bxg2 $16) 21... Nd5 $2 {[#]} (21... Rxd1 {might work better.} 22. Rxd1 Bd5) 22. a3 (22. Bxd3 $142 Nb4 23. b6) 22... Rc3 23. Qb2 Rxc1 24. Rxc1 {b6 is the strong threat.} a4 (24... Ra8 $142 25. Qe5 Qxe5 26. Nxe5 Kf8 27. Rxc5 Ke7) 25. b6 Qb8 (25... Qe7 {was worth a try.} 26. Na5 Nf6) 26. Na5 {White is clearly winning.} Qa8 27. Qb5 h5 28. Rxc5 Rd8 29. Bc4 Nc3 {[#]} 30. Bxf7+ $1 {[%mdl 512]} Kxf7 31. Qc4+ Rd5 32. Nxb7 {Precision: White = 82%, Black = 25%.} 1-0

[Event "78th Armenian Chess Ch"]
[Site "Yerevan"]
[Date "2017.08.17"]
[Round "8"]
[White "Harutyunian, Tigran K"]
[Black "Shahinyan, David"]
[Result "1-0"]
[WhiteElo "2513"]
[BlackElo "2428"]
[Annotator "TA"]
[PlyCount "69"]
[EventDate "2017.??.??"]
[EventCountry "ARM"]
[SourceTitle "playchess.com"]
[Source "ChessBase"]
[SourceQuality "1"]

{[%evp 21,69,47,77,40,87,72,82,75,60,50,62,60,54,44,100,28,100,33,106,91,110,72,62,67,610,598,565,545,539,514,1177,1143,1781,1573,29988,490,465,0,29988,29989,29989,29990,29990,29991,29991,29992,29992,29993,29993,29994]} 1. Nf3 Nf6 2. c4 g6 3. Nc3 Bg7 4. e4 d6 5. d4 O-O 6. Be2 e5 7. O-O Nc6 8. Be3 exd4 9. Nxd4 Bd7 10. f3 Re8 11. Qd2 Nh5 {LiveBook: 5 Games. E94: King's Indian: Classical: 6 Be2 e5 7 0-0: Various Black 7th moves} (11... a6 12. Rfd1 Rb8 13. Rac1 Nxd4 14. Bxd4 c5 15. Bf2 Bf8 16. a3 b5 17. cxb5 axb5 18. b4 c4 19. Bd4 Bc6 20. Rb1 d5 21. e5 {½-½ (54) Edouard,R (2641)-Moussard,J (2506) Drancy 2016}) 12. Rf2 $146 ({Predecessor:} 12. Rfd1 Nxd4 13. Bxd4 Bc6 14. b4 b6 15. Rac1 a5 16. a3 axb4 17. axb4 Bxd4+ 18. Qxd4 Nf4 19. Qd2 Qg5 20. Bf1 Ba4 21. Nxa4 Rxa4 22. g3 Ne6 23. f4 Qf6 24. Bg2 Rd8 {½-½ (24) Rezan,S (2439)-Sutkovic,D (2322) Zadar 2014}) 12... f5 13. Nxc6 Bxc6 {White is better.} 14. exf5 gxf5 15. Bg5 Qd7 16. Nd5 Bxd5 17. cxd5 Qa4 (17... Qf7 $14) 18. Rd1 (18. Bd3 $16) 18... Qxa2 {[#]} (18... h6 $11 {keeps the balance.} 19. b3 (19. Bxh6 $2 Bxh6 20. Qxh6 Rxe2 $17) 19... Qd4) 19. Qc2 ({White should try} 19. g4 $1 $16 {[%cal Rg4h5]} Nf6 20. Bd3 (20. gxf5 Qb3 $16)) 19... Kh8 (19... Qxb2 $14 20. Qxb2 Bxb2) 20. f4 Nf6 {next ...Ne4 is good for Black.} 21. Bxf6 ({Weaker is} 21. Qxc7 Ne4 $15) 21... Bxf6 22. Qxf5 Bxb2 $2 {[%mdl 8192]} (22... Rf8 $14) 23. Bd3 $18 {[%csl Gd3][%cal Rf5h7] [#]} Re7 24. Re2 Rg7 25. Rde1 {Threatening mate with Re8+.} Bd4+ (25... Qa4 $142 26. Rxb2 Qd4+ 27. Rf2 Kg8) 26. Kf1 {Re8+ would kill now.} Qa4 27. Re7 Kg8 28. Qh5 (28. g3 $142 Rb8 29. Rxg7+ Bxg7 30. Qxh7+ Kf8 31. Qf5+ Kg8 32. Qe6+ Kf8 33. Bg6) 28... Kf8 29. Qf5+ $40 {[%mdl 128] Black needs to defend precisely.} (29. Rxg7 $18 Bxg7 30. Qf5+ Kg8 31. Qxh7+ Kf8 32. Qf5+ Kg8 33. Qe6+ Kf8 34. Qe7+ Kg8 35. g3) 29... Kg8 30. g3 {White mates.} Bc3 31. Rxg7+ Bxg7 32. Qxh7+ Kf8 33. Qf5+ Kg8 34. Qe6+ Kf8 35. Bg6 {Precision: White = 49%, Black = 22%.} 1-0

[Event "78th Armenian Chess Ch"]
[Site "Yerevan"]
[Date "2017.08.17"]
[Round "8"]
[White "Hayrapetyan, Hovik"]
[Black "Mikaelyan, Arman"]
[Result "0-1"]
[WhiteElo "2502"]
[BlackElo "2486"]
[Annotator "TA"]
[PlyCount "102"]
[EventDate "2017.??.??"]
[EventCountry "ARM"]
[SourceTitle "playchess.com"]
[Source "ChessBase"]
[SourceQuality "1"]

{[%evp 25,102,39,38,44,81,87,87,89,85,94,92,15,7,8,18,-13,-13,-21,-22,-14,-13,-190,-199,-216,-196,-187,-108,-201,-164,-179,-162,-243,-238,-241,-236,-220,-220,-333,-271,-283,-312,-363,-328,-531,-526,-656,-656,-642,-599,-583,-581,-548,-543,-1065,-688,-910,-896,-1100,-1089,-1096,-1092,-1043,-941,-2243,-2247,-2384,-2041,-1965,-1854,-29975,-29976,-29976,-29977,-29974,-29978,-29978,-29977,-29977,-29977]} 1. Nf3 Nf6 2. c4 g6 3. Nc3 Bg7 4. d4 O-O 5. g3 d6 6. Bg2 Nbd7 7. O-O e5 8. e4 exd4 9. Nxd4 Re8 10. h3 Nc5 11. Re1 a5 12. b3 c6 13. Bf4 h6 14. Qc2 {E69: King's Indian: Fianchetto: 6...Nbd7 7 0-0 e5 8 e4 c6 9 h3} Nfd7 (14... Nh7 15. Rad1 Ng5 16. Kh2 Qb6 17. Bxd6 Bxh3 18. f4 Rad8 19. e5 Bg4 20. fxg5 Bxd1 21. Qxd1 hxg5 {0-1 (53) L'Ami,E (2611)-Markus,R (2662) Baku 2016}) 15. Rad1 Ne5 16. Be3 {White is better.} Qb6 {[#]} 17. a3 $146 ({Predecessor:} 17. f4 Ned7 18. Bf2 a4 19. bxa4 Qa5 20. Re2 Nxa4 21. Nxa4 Qxa4 {1-0 (45) Kurajica,B (2548)-Arapovic,V (2411) Sarajevo 2006}) 17... a4 18. b4 (18. Nxa4 $16 Nxa4 19. Nf5) 18... Nxc4 $11 19. bxc5 Qxc5 20. Bf1 {Bxc4 is the strong threat.} Nxe3 21. fxe3 Qxa3 22. Ra1 Qc5 23. Qd2 $2 {[#]} (23. Rxa4 $11 {and White is okay.} Rxa4 24. Nxa4 Qxc2 25. Nxc2) 23... a3 $19 {[%mdl 1024] Black has strong compensation.} 24. Rec1 Qg5 25. Kh2 Be5 (25... Bd7 $19 26. Qf2 b5) 26. Qf2 (26. Nce2 $17) 26... h5 $36 {[%mdl 2048] White must now prevent ...h4. Black is in control.} 27. Kg2 Qe7 28. Kh1 (28. Bd3 $142) 28... Bd7 29. Rab1 b5 30. Na2 Rec8 31. Bd3 (31. Kg1 {might work better.}) 31... Qe8 32. Kg2 Rab8 33. Qe2 Kg7 34. Rb3 $2 (34. Qc2 {was called for.}) 34... c5 35. Nxb5 Qe6 36. Bc4 Qxh3+ 37. Kg1 Qxg3+ 38. Qg2 {and the idea Qxg3 leaves White hopeful.} Qh4 39. Bf1 d5 {[%cal Bd6d5,Bd5e4][%mdl 32]} 40. Rcb1 c4 41. Rb4 dxe4 42. Nxa3 Rxb4 43. Nxb4 Bg4 44. Nbc2 Bf3 45. Qh3 Qg5+ 46. Kf2 h4 47. Be2 Bg3+ {Black mates.} 48. Kf1 Bxe2+ 49. Kxe2 Rd8 50. Nd4 Qh5+ 51. Kf1 {[#]} Rxd4 $1 {[%mdl 512] Precision: White = 33%, Black = 87%.} 0-1